Southville International School and Colleges
Your cart is empty.
  • Cart
  • Lists
    Public lists Eva Luna New books Lux_list list_1
    Your lists Log in to create your own lists
  • Log in to your account
  • Your cookies
  • Search history
Southville International School and Colleges
  • Advanced search
  • Recent comments
  • Most popular
  • Libraries

Log in to your account

Log in with GOOGLE


If you do not have an external account, but do have a local account, you can still log in:

  1. Home
  2. MARC view: Introduction to investments /
Normal view MARC view ISBD view

Introduction to investments / (Record no. 19755)

[ view plain ]
MARC details
000 -LEADER
fixed length control field 00545nam a2200193 a 4500
005 - DATE AND TIME OF LATEST TRANSACTION
control field 20140310183156.0
008 - FIXED-LENGTH DATA ELEMENTS--GENERAL INFORMATION
fixed length control field 021014s19uu xx 00 eng d
020 ## - INTERNATIONAL STANDARD BOOK NUMBER
International Standard Book Number 0538877375
050 ## - LIBRARY OF CONGRESS CALL NUMBER
Classification number HG 4521
Item number .L628 1999
100 ## - MAIN ENTRY--PERSONAL NAME
Personal name Levy, Haim
245 ## - TITLE STATEMENT
Title Introduction to investments /
Statement of responsibility, etc Haim Levy.
260 ## - PUBLICATION, DISTRIBUTION, ETC. (IMPRINT)
Place of publication, distribution, etc Cincinnati, Ohio :
Name of publisher, distributor, etc South-Western College Pub.,
Date of publication, distribution, etc 1999.
300 ## - PHYSICAL DESCRIPTION
Extent xxxix, 983 p. :
Other physical details ill. ;
Dimensions 24 cm.
521 ## - TARGET AUDIENCE NOTE
Target audience note
650 ## - SUBJECT ADDED ENTRY--TOPICAL TERM
Topical term or geographic name as entry element Investments
650 ## - SUBJECT ADDED ENTRY--TOPICAL TERM
Topical term or geographic name as entry element Corporations
General subdivision finance
942 ## - ADDED ENTRY ELEMENTS (KOHA)
Koha item type Books
Source of classification or shelving scheme Library of Congress Classification
Call number prefix Foreign
Holdings
Withdrawn status Lost status Source of classification or shelving scheme Damaged status Home library Current library Shelving location Date acquired Total Checkouts Full call number Barcode Date last seen Copy number Price effective from Koha item type
    Library of Congress Classification   College Library College Library General Circulation Section 12/10/2013   HG 4521 .L628 1999 C1150 05/15/2018 1 12/10/2013 Books

Introduction to investments /

APA

Levy H., . (1999). Introduction to investments. Cincinnati, Ohio: South-Western College Pub.

Chicago

Levy Haim, . 1999. Introduction to investments. Cincinnati, Ohio: South-Western College Pub.

Harvard

Levy H., . (1999). Introduction to investments. Cincinnati, Ohio: South-Western College Pub.

MLA

Levy Haim, . Introduction to investments. Cincinnati, Ohio: South-Western College Pub. 1999.

  • Place hold
  • Print
  • Cite
  • Add to your cart (remove)
  • Save record
    BIBTEX Dublin Core MARCXML MARC (non-Unicode/MARC-8) MARC (Unicode/UTF-8) MARC (Unicode/UTF-8, Standard) MODS (XML) RIS
  • More searches
    Search for this title in:
    Other Libraries (WorldCat) Other Databases (Google Scholar) Online Stores (Bookfinder.com) Open Library (openlibrary.org)

Exporting to Dublin Core...

SOUTHVILLE LIBRARY

Southville International School and Colleges Library

1281 Tropical Ave. Cor. Luxembourg St., BF Homes International, Las Pinas City

Tel. No. 8256374 / 252358 Loc. 117/146

Powered by Koha